<?xml version="1.0" encoding="UTF-8"?>
<record
    xmlns:xsi="http://www.w3.org/2001/XMLSchema-instance"
    xsi:schemaLocation="http://www.loc.gov/MARC21/slim http://www.loc.gov/standards/marcxml/schema/MARC21slim.xsd"
    xmlns="http://www.loc.gov/MARC21/slim">

  <leader>02543nam a2200229Ia 4500</leader>
  <controlfield tag="003">OSt</controlfield>
  <controlfield tag="005">20260604092144.0</controlfield>
  <controlfield tag="008">210210b1998   xxu||||| |||| 00| 0 eng d</controlfield>
  <datafield tag="020" ind1=" " ind2=" ">
    <subfield code="a">81 7032 336 0</subfield>
  </datafield>
  <datafield tag="040" ind1=" " ind2=" ">
    <subfield code="c">AL</subfield>
  </datafield>
  <datafield tag="041" ind1=" " ind2=" ">
    <subfield code="a">Kannada</subfield>
  </datafield>
  <datafield tag="082" ind1=" " ind2=" ">
    <subfield code="a">305.42K  GAYM</subfield>
  </datafield>
  <datafield tag="100" ind1=" " ind2=" ">
    <subfield code="a">GAYATRI (N).</subfield>
    <subfield code="d">&#xC8E;&#xCA8;&#xCCD;. &#xC97;&#xCBE;&#xCAF;&#xCA4;&#xCCD;&#xCB0;&#xCBF;</subfield>
    <subfield code="9">265187</subfield>
  </datafield>
  <datafield tag="245" ind1=" " ind2=" ">
    <subfield code="a">Mahila chaluvaliya majalugalu.</subfield>
    <subfield code="b">&#xCAE;&#xCB9;&#xCBF;&#xCB3;&#xCBE; &#xC9A;&#xCB3;&#xCC1;&#xCB5;&#xCB3;&#xCBF;&#xCAF; &#xCAE;&#xC9C;&#xCB2;&#xCC1;&#xC97;&#xCB3;&#xCC1;</subfield>
  </datafield>
  <datafield tag="260" ind1=" " ind2=" ">
    <subfield code="a">Bengaluru.</subfield>
    <subfield code="b">Navakarnataka Prakashana.</subfield>
    <subfield code="c">1998</subfield>
  </datafield>
  <datafield tag="300" ind1=" " ind2=" ">
    <subfield code="a">112</subfield>
  </datafield>
  <datafield tag="520" ind1=" " ind2=" ">
    <subfield code="a">&#xCAD;&#xCBE;&#xCB0;&#xCA4;&#xCA6; &#xCB8;&#xCCD;&#xCB5;&#xCBE;&#xCA4;&#xC82;&#xCA4;&#xCCD;&#xCB0;&#xCCD;&#xCAF; &#xC9A;&#xCB3;&#xCC1;&#xCB5;&#xCB3;&#xCBF;&#xCAF; &#xC92;&#xCA1;&#xCB2;&#xCB2;&#xCCD;&#xCB2;&#xCBF; &#xC9C;&#xCA8;&#xCBF;&#xCB8;&#xCBF;&#xCA6; &#xCAE;&#xCB9;&#xCBF;&#xCB3;&#xCBE; &#xC9A;&#xCB3;&#xCC1;&#xCB5;&#xCB3;&#xCBF;&#xC97;&#xCC6; &#xCB8;&#xCC1;&#xCAE;&#xCBE;&#xCB0;&#xCC1; &#xC92;&#xC82;&#xCA6;&#xCC1; &#xCB6;&#xCA4;&#xCAE;&#xCBE;&#xCA8;&#xCA6; &#xCA6;&#xCC0;&#xCB0;&#xCCD;&#xC98; &#xC87;&#xCA4;&#xCBF;&#xCB9;&#xCBE;&#xCB8;&#xCB5;&#xCBF;&#xCA6;&#xCC6;. &#xCB5;&#xCB8;&#xCBE;&#xCB9;&#xCA4;&#xCC1;&#xCB6;&#xCBE;&#xCB9;&#xCBF;&#xCAF; &#xCB5;&#xCBF;&#xCB0;&#xCC1;&#xCA6;&#xCCD;&#xCA7;&#xCA6; &#xCB9;&#xCCB;&#xCB0;&#xCBE;&#xC9F;&#xCA6;&#xCB2;&#xCCD;&#xCB2;&#xCBF; &#xCB9;&#xCC1;&#xC9F;&#xCCD;&#xC9F;&#xCBF;&#xCA6; &#xCAE;&#xCB9;&#xCBF;&#xCB3;&#xCBE; &#xC9A;&#xCB3;&#xCC1;&#xCB5;&#xCB3;&#xCBF; &#xCA8;&#xCB5; &#xCB5;&#xCB8;&#xCBE;&#xCB9;&#xCA4;&#xCC1;&#xCB6;&#xCBE;&#xCB9;&#xCBF;&#xCAF; &#xCAF;&#xCC1;&#xC97;&#xCA6;&#xCB5;&#xCB0;&#xCC6;&#xC97;&#xCC2; &#xCB9;&#xCBE;&#xCA6;&#xCC1;&#xCAC;&#xC82;&#xCA6; &#xCB5;&#xCBF;&#xCB5;&#xCBF;&#xCA7; &#xCAE;&#xC9C;&#xCB2;&#xCC1;&#xC97;&#xCB3; &#xCB8;&#xCCD;&#xC95;&#xCC2;&#xCB2; &#xCAA;&#xCB0;&#xCBF;&#xC9A;&#xCAF; &#xC87;&#xCB2;&#xCCD;&#xCB2;&#xCBF;&#xCA6;&#xCC6;.

&#xC9A;&#xCB0;&#xCBF;&#xCA4;&#xCCD;&#xCB0;&#xCC6;&#xCAF;&#xCB2;&#xCCD;&#xCB2;&#xCBF; &#xCA6;&#xCBE;&#xC96;&#xCB2;&#xCBE;&#xC97;&#xCBF;&#xCB0;&#xCC1;&#xCB5; &#xCB9;&#xCC6;&#xCA3;&#xCCD;&#xCA3;&#xCBF;&#xCA8; &#xC9C;&#xCC0;&#xCB5;&#xCA8; &#xCAE;&#xCA4;&#xCCD;&#xCA4;&#xCC1; &#xCAC;&#xCA6;&#xCC1;&#xC95;&#xCA8;&#xCCD;&#xCA8;&#xCC1; &#xCB9;&#xCBE;&#xC97;&#xCC2; &#xC85;&#xCB5;&#xCB3;&#xCC1; &#xCA8;&#xCBF;&#xCB0;&#xCCD;&#xCB5;&#xCB9;&#xCBF;&#xCB8;&#xCBF;&#xCA6;, &#xCAD;&#xCBE;&#xC97;&#xCB5;&#xCB9;&#xCBF;&#xCB8;&#xCBF;&#xCA6; &#xC9A;&#xCB3;&#xCC1;&#xCB5;&#xCB3;&#xCBF;&#xCAF;&#xCA8;&#xCCD;&#xCA8;&#xCC1; &#xCB8;&#xCCD;&#xCA4;&#xCCD;&#xCB0;&#xCC0;&#xCB5;&#xCBE;&#xCA6;&#xCBF; &#xCA8;&#xCC6;&#xCB2;&#xCC6;&#xCAF;&#xCBF;&#xC82;&#xCA6; &#xCA8;&#xCCB;&#xCA1;&#xCC1;&#xCB5; &#xCAA;&#xCCD;&#xCB0;&#xCAF;&#xCA4;&#xCCD;&#xCA8; &#xC87;&#xCB2;&#xCCD;&#xCB2;&#xCBF;&#xCAF;&#xCA6;&#xCC1;. &#xCAA;&#xCC1;&#xCB0;&#xCC1;&#xCB7; &#xCA8;&#xCC7;&#xCA4;&#xCC3;&#xCA4;&#xCCD;&#xCB5;&#xCA6; &#xCB8;&#xCBE;&#xCAE;&#xCBE;&#xC9C;&#xCBF;&#xC95; &#xC9A;&#xCB3;&#xCC1;&#xCB5;&#xCB3;&#xCBF;&#xC97;&#xCB3;&#xCBE;&#xCA6; &#xC97;&#xCBE;&#xC82;&#xCA7;&#xCBF; &#xC9A;&#xCB3;&#xCC1;&#xCB5;&#xCB3;&#xCBF;, &#xC97;&#xCCD;&#xCB0;&#xCBE;&#xCAE;&#xCC0;&#xCA3; &#xC9A;&#xCB3;&#xCC1;&#xCB5;&#xCB3;&#xCBF;&#xC97;&#xCB3;&#xCBE;&#xCA6; &#xCA4;&#xCC7;&#xCAD;&#xCBE;&#xC97;, &#xCA4;&#xCC6;&#xCB2;&#xC82;&#xC97;&#xCBE;&#xCA3;, &#xCAA;&#xCC1;&#xCA8;&#xCCD;&#xCA8;&#xCAA;&#xCCD;&#xCB0; &#xCB5;&#xCAF;&#xCB2;&#xCBE;&#xCB0;&#xCCD; &#xCA6;&#xCCD;&#xCB0;&#xCBE;&#xCB5;&#xCBF;&#xCA1; &#xC9A;&#xCB3;&#xCC1;&#xCB5;&#xCB3;&#xCBF;&#xC97;&#xCB3;&#xCB2;&#xCCD;&#xCB2;&#xCBF; &#xCAE;&#xCB9;&#xCBF;&#xCB3;&#xCC6;&#xCAF; &#xCAA;&#xCBE;&#xCA4;&#xCCD;&#xCB0;&#xCA6; &#xCB8;&#xCCB;&#xCB2;&#xCC1;-&#xC97;&#xCC6;&#xCB2;&#xCC1;&#xCB5;&#xCC1;&#xC97;&#xCB3;&#xCA8;&#xCCD;&#xCA8;&#xCC1; &#xC95;&#xCC1;&#xCB0;&#xCBF;&#xCA4; &#xC9A;&#xCB0;&#xCCD;&#xC9A;&#xCC6; &#xC87;&#xCB2;&#xCCD;&#xCB2;&#xCBF;&#xCA6;&#xCC6;. &#xC85;&#xC82;&#xCA4;&#xCB0;&#xCB0;&#xCBE;&#xCB7;&#xCCD;&#xC9F;&#xCCD;&#xCB0;&#xCC0;&#xCAF; &#xCAA;&#xCCD;&#xCB0;&#xCAD;&#xCBE;&#xCB5;&#xCA6;&#xCBF;&#xC82;&#xCA6; &#xCAA;&#xCCD;&#xCB0;&#xCC7;&#xCB0;&#xCBF;&#xCA4;&#xCB5;&#xCBE;&#xCA6;&#xCB0;&#xCC2; &#xC88; &#xCA8;&#xCC6;&#xCB2;&#xCA6; &#xC85;&#xC97;&#xCA4;&#xCCD;&#xCAF;&#xC95;&#xCCD;&#xC95;&#xCC6; &#xCB8;&#xCCD;&#xCAA;&#xC82;&#xCA6;&#xCBF;&#xCB8;&#xCBF;&#xCA6; &#xCAD;&#xCBE;&#xCB0;&#xCA4;&#xCA6; &#xCAE;&#xCB9;&#xCBF;&#xCB3;&#xCBE; &#xC9A;&#xCB3;&#xCC1;&#xCB5;&#xCB3;&#xCBF;&#xCAF; &#xCB8;&#xCCD;&#xCB5;&#xCB0;&#xCC2;&#xCAA; &#xCAE;&#xCA4;&#xCCD;&#xCA4;&#xCC1; &#xC95;&#xCB0;&#xCCD;&#xCA8;&#xCBE;&#xC9F;&#xC95;&#xCA6;&#xCB2;&#xCCD;&#xCB2;&#xCBF; &#xC85;&#xCA6;&#xCC1; &#xCAA;&#xCA1;&#xCC6;&#xCA6;&#xCC1;&#xC95;&#xCCA;&#xC82;&#xCA1; &#xC85;&#xCA8;&#xCC1;&#xCAD;&#xCB5;&#xC97;&#xCB3; &#xCAE;&#xCC7;&#xCB2;&#xCC2; &#xC87;&#xCB2;&#xCCD;&#xCB2;&#xCBF; &#xCAC;&#xCC6;&#xCB3;&#xC95;&#xCC1; &#xC9A;&#xCC6;&#xCB2;&#xCCD;&#xCB2;&#xCB2;&#xCBE;&#xC97;&#xCBF;&#xCA6;&#xCC6;.</subfield>
  </datafield>
  <datafield tag="650" ind1=" " ind2=" ">
    <subfield code="a"> women's movement</subfield>
    <subfield code="9">265192</subfield>
  </datafield>
  <datafield tag="690" ind1=" " ind2=" ">
    <subfield code="a">Women Studies</subfield>
    <subfield code="9">265188</subfield>
  </datafield>
  <datafield tag="906" ind1=" " ind2=" ">
    <subfield code="a">054824</subfield>
  </datafield>
  <datafield tag="942" ind1=" " ind2=" ">
    <subfield code="2">ddc</subfield>
    <subfield code="c">BK</subfield>
  </datafield>
  <datafield tag="999" ind1=" " ind2=" ">
    <subfield code="c">102892</subfield>
    <subfield code="d">102892</subfield>
  </datafield>
  <datafield tag="952" ind1=" " ind2=" ">
    <subfield code="0">0</subfield>
    <subfield code="1">0</subfield>
    <subfield code="2">ddc</subfield>
    <subfield code="4">0</subfield>
    <subfield code="7">0</subfield>
    <subfield code="8">SOC</subfield>
    <subfield code="a">AL</subfield>
    <subfield code="b">AL</subfield>
    <subfield code="c">Sociology</subfield>
    <subfield code="d">2021-02-17</subfield>
    <subfield code="e">Athree Book Centre, Mangalore-01.</subfield>
    <subfield code="g">35.00</subfield>
    <subfield code="l">0</subfield>
    <subfield code="o">305.42K  GAYM</subfield>
    <subfield code="p">054824</subfield>
    <subfield code="r">2021-02-17 00:00:00</subfield>
    <subfield code="w">2021-02-17</subfield>
    <subfield code="y">BK</subfield>
  </datafield>
</record>
